Normal view
MARC view
- Sup. Dr. Muhammad Shahid.
Entry Personal Name
001 - CONTROL NUMBER
- control field: 19489
003 - CONTROL NUMBER IDENTIFIER
- control field: NUST
005 - DATE AND TIME OF LATEST TRANSACTION
- control field: 20190825124806.0
008 - FIXED-LENGTH DATA ELEMENTS
- fixed length control field: 190825|| aca||aabn | a|a d
040 ## - CATALOGING SOURCE
- Original cataloging agency: NUST
- Transcribing agency: NUST
100 ## - HEADING--PERSONAL NAME
- Personal name: Sup. Dr. Muhammad Shahid.
670 ## - SOURCE DATA FOUND
- Source citation: Work cat.: (NUST): Bashir, Muhammad Arshad 19488, Development of Elastomeric Auxetic Structures for Impact Energy Absorption /, 2016.
